000 02018cam a22004814i 4500
003 PE-LiUPU
005 20250731173553.0
008 150616s r 000 0 d
020 _a080280442X
035 _a(Sirsi) i9780802804426
040 _aPE-LiUPU
_bspa
_cPE-LiUPU
_erda
049 _aPRUA
082 0 4 _a227.306
_bH14
_221
100 1 _aHafemann, Scott J.,
_eautor.
245 1 0 _aSuffering and Ministry in the Spirit /
_cScott J. Hafemann.
264 1 _aGrand Rapids, Michigan :
_bWilliam B. Eerdmans Pub. Co.,
_c1990.
300 _a261 páginas ;
_c22 centímetros
336 _atext
_2rdacontent
337 _aunmediated
_2rdamedia
338 _avolume
_2rdacarrier
504 _aBibliografía: páginas 234-252.
505 0 _aThe purpose and method of the study.- "Led unto death": the meanig and function of Paul's thanksgiving in II Corinthians 2:14a.- The apostle Paul as the sacrificial aroma of Christ.- The question of Paul's sufficiency and a working hypothesis concerning its background in biblical and jewish tradition.- Paul'sministry of the spirit as corrobatory evidence of his sufficiency.- Conclusion: suffering and the spirit as the twin pillar of Paul's apostolic self-defense.
526 _aSEG42
526 _aSEG41
526 _aSEG40
526 _aSEG39
526 _aP94
526 _aP87
526 _aP86
526 _aP85
526 _aP77
526 _aP76
526 _aP35
630 _aBiblia.
_pN.T.
_pCorintios II
_xCrítica, interpretación, etc.
650 0 4 _a
910 _ajck
_bjvq
_cjck
942 _2ddc
_cBOOK
949 _a227.306 H14
_wDEWEY
_c1
_i43296
_lCCODEBUL1
_mBUL
_r0
_sY
_tBOOK
_u2015-6-16
_xTEOLOGIA
_zUNKNOWN
_0COMPRA
_o.STAFF. Colección General
994 _aC0
_bPEPRU
596 _a1
999 _a227.306 H14
_wDEWEY
_c61263
_i43296
_f2021-11-9
_g5
_lCCODEBUL1
_mBUL
_r0
_sY
_tBOOK
_u2015-6-16
_xTEOLOGIA
_zUNKNOWN
_0COMPRA
_o.STAFF. Colección General
_d61263
980 _81
_gALBERTO SANCHEZ Responsable de Automatización